ბათუმის შოთა რუსთაველის სახელმწიფო უნივერსიტეტის ბიბლიოთეკა

კლინიკური სტომატოლოგია : (ბიბ.ჩანაწერი № 36365)

000 -ლიდერი
ფიქსირებული სიგრძის საკონტროლო ველი 00951nam a2200217Ia 4500
001 - საკონტროლო ნომერი
საკონტროლო ველი 2277
003 - საკონტროლო ნომრის იდენტიფიკატორი
საკონტროლო ველი GE_BSU
005 - ბოლო ოპერაციის თარიღი და დრო
საკონტროლო ველი 20190502104624.0
008 - ფიქსირებული სიგრძის მონაცემთა ელემენტები - ზოგადი ინფორმაცია
ფიქსირებული სიგრძის საკონტროლო ველი 181216s1996||||ge |||||||||||||| ||geo||
040 ## - კატალოგიზაციის წყარო
Transcribing agency GE_BSU
080 ## - უნივერსალური ათობითი კლასიფიკაციის ინდექსი
Universal Decimal Classification number 616.31(075.8) ბ–91
100 ## - მთავარი ჩანაწერი - პიროვნების სახელი
Personal name ბრეგაძე, ა.
9 (RLIN) 622
245 ## - ცნობა სათაურის შესახებ
Title კლინიკური სტომატოლოგია :
Remainder of title სამედ. ინ – ტის სტუდენტებისათვის /
Statement of responsibility, etc ა. ბრეგაძე, ო. ბრეგაძე; რედ. მ. ომანიძე.
250 ## - გამოცემის ცნობა
Edition statement 2 – ე გამოცემა.
Remainder of edition statement სახელმძღვანელო
264 ## - წარმოების, გამოცემის, დისტრიბუციის და სხვა ცნობები
გამოცემის, წარმოების, დისტრიბუციის... ადგილი თბილისი:
გამოცემის, წარმოების, დისტრიბუციის... სახელწოდება "მედეა",
გამოცემის, წარმოების, დისტრიბუციის... თარიღი 1996
300 ## - ფიზიკური აღწერა
Extent 263გვ. :
Other physical details ცხ.;
Dimensions 19სმ.
653 ## - INDEX TERM--UNCONTROLLED
Uncontrolled term მედიცინა
653 ## - INDEX TERM--UNCONTROLLED
Uncontrolled term სტომატოლოგია
700 ## - ADDED ENTRY--PERSONAL NAME
Personal name ბრეგაძე, ა.
Relator term ავტორი
9 (RLIN) 622
942 ## - ADDED ENTRY ELEMENTS (KOHA)
Koha item type წიგნი
Source of classification or shelving scheme
ეგზემპლარები
ჩამოწერის სტატუსი დაკარგული ეგზემპლარის სტატუსი კლასიფიკაციის წყარო ან თაროზე გაწყობის სქემა დაზიანების სტატუსი არ გაიცემა მუდმივი მდებარეობა (დაცვის ადგილი) ამჟამინდელი ადგილსამყოფელი შეძენის თარიღი ღირებულება, შესყიდვის ნორმალური ფასი სრული შენახვის შიფრი შტრიხკოდი ბოლო ოპერაციის თარიღი ეგზემპლარის მიმდევრობითი ნომერი (კეტერი?) ფასის ძალაში შესვლის თარიღი ეგზემპლარის სახეობა საჯარო შენიშვნა თაროზე განთავსების ადგილი Uniform Resource Identifier
          ბათუმის შოთა რუსთაველის სახელმწიფო უნივერსიტეტის მთავარი ბიბლიოთეკა ბათუმის შოთა რუსთაველის სახელმწიფო უნივერსიტეტის მთავარი ბიბლიოთეკა 2018-12-17 40.00 616.31(075.8) ბ–91 4062 2018-12-17 4062 2018-12-17 წიგნი 40 ლ.    
          ბათუმის შოთა რუსთაველის სახელმწიფო უნივერსიტეტის მთავარი ბიბლიოთეკა ბათუმის შოთა რუსთაველის სახელმწიფო უნივერსიტეტის მთავარი ბიბლიოთეკა 2018-12-17 40.00 616.31(075.8) ბ–91 4063 2018-12-17 4063 2018-12-17 წიგნი 40 ლ. წიგნსაცავი  
          ბათუმის შოთა რუსთაველის სახელმწიფო უნივერსიტეტის მთავარი ბიბლიოთეკა ბათუმის შოთა რუსთაველის სახელმწიფო უნივერსიტეტის მთავარი ბიბლიოთეკა 2018-12-17 40.00 616.31(075.8) ბ–91 4064 2018-12-17 4064 2018-12-17 წიგნი 40 ლ. წიგნსაცავი  
          ბათუმის შოთა რუსთაველის სახელმწიფო უნივერსიტეტის მთავარი ბიბლიოთეკა ბათუმის შოთა რუსთაველის სახელმწიფო უნივერსიტეტის მთავარი ბიბლიოთეკა 2018-12-17 40.00 616.31(075.8) ბ–91 4065 2018-12-17 4065 2018-12-17 წიგნი 40 ლ. წიგნსაცავი  
          ბათუმის შოთა რუსთაველის სახელმწიფო უნივერსიტეტის მთავარი ბიბლიოთეკა ბათუმის შოთა რუსთაველის სახელმწიფო უნივერსიტეტის მთავარი ბიბლიოთეკა 2018-12-17 40.00 616.31(075.8) ბ–91 4066 2018-12-17 4066 2018-12-17 წიგნი 40 ლ. წიგნსაცავი
          ბათუმის შოთა რუსთაველის სახელმწიფო უნივერსიტეტის მთავარი ბიბლიოთეკა ბათუმის შოთა რუსთაველის სახელმწიფო უნივერსიტეტის მთავარი ბიბლიოთეკა 2018-12-17 40.00 616.31(075.8) ბ–91 4067 2018-12-17 4067 2018-12-17 წიგნი 40 ლ. წიგნსაცავი